Levels of living and economic growth : A comparative study of six countries 1950-1965

Gorde:
Xehetasun bibliografikoak
Egile nagusia: Baster, Nancy
Formatua: Liburua
Hizkuntza:Undetermined
Argitaratua: Geneva United Nations Research Institude for Social Development 1969
Gaiak:
Etiketak: Etiketa erantsi
Etiketarik gabe, Izan zaitez lehena erregistro honi etiketa jartzen!
Thư viện lưu trữ: Trung tâm Học liệu Trường Đại học Cần Thơ
LEADER 00632nam a2200193Ia 4500
001 CTU_83103
008 210402s9999 xx 000 0 und d
082 |a 339.42 
082 |b B325 
100 |a Baster, Nancy 
245 0 |a Levels of living and economic growth : 
245 2 |b A comparative study of six countries 1950-1965 
245 0 |c Nancy Baster, Wolf Scott 
260 |a Geneva 
260 |b United Nations Research Institude for Social Development 
260 |c 1969 
650 |a Cost and standard of living,Economic development 
904 |i QHieu(sửa) 
980 |a Trung tâm Học liệu Trường Đại học Cần Thơ